Japan’s high technology race : The information technologies

保存先:
書誌詳細
第一著者: Sigurdson, Jon
フォーマット: 図書
言語:Undetermined
出版事項: Lund Research Policy Institute 1983
主題:
タグ: タグ追加
タグなし, このレコードへの初めてのタグを付けませんか!
Thư viện lưu trữ: Trung tâm Học liệu Trường Đại học Cần Thơ
LEADER 00678nam a2200205Ia 4500
001 CTU_122484
008 210402s9999 xx 000 0 und d
082 |a 338.4 
082 |b S579 
100 |a Sigurdson, Jon 
245 0 |a Japan’s high technology race : The information technologies 
245 0 |c Jon Sigurdson 
260 |a Lund 
260 |b Research Policy Institute 
260 |c 1983 
650 |a Information technology,Computer industry,Telecommunication,Data transmission equipment industry 
650 |x Economic aspects,Equipment industry 
650 |z Japan,Japan,Japan,Japan 
904 |i M.Loan 
980 |a Trung tâm Học liệu Trường Đại học Cần Thơ